00397nam a2200169Ia 4500008004100000020001800041245002700059245002500086260001500111260001600126260000900142300001400151300002500165300001000190500000800200999001900208170705s9999 xx 000 0 und d a9780545061605 4aThe gingerbread girl / cLisa Campbell Ernst. aNew York : bScholastic, c2006 aunpaged : bcolor illustration ; c28cm. a950 c336673d336673